Az integrált növényvédelem hatékonysága az almatermesztésben
Elmentve itt :
| Szerző: | |
|---|---|
| További közreműködők: | |
| Dokumentumtípus: | Szakdolgozat |
| Megjelent: |
1999
|
| Kulcsszavak: | Integrált növényvédelem Almatermesztés |
| Tárgyszavak: | |
| Online Access: | http://diploma.bibl.u-szeged.hu/100537 |
| LEADER | 00770nta a2200229 i 4500 | ||
|---|---|---|---|
| 001 | dipl100537 | ||
| 005 | 20211124122144.0 | ||
| 008 | 211124s1999 hu om 0|| hun d | ||
| 040 | |a SZTE Diploma Repozitórium |b hun | ||
| 041 | |a hun | ||
| 100 | 1 | |a Székely Tamás | |
| 245 | 1 | 3 | |a Az integrált növényvédelem hatékonysága az almatermesztésben |h [elektronikus dokumentum] / |c Tamás Székely |
| 260 | |c 1999 | ||
| 300 | |a 49 | ||
| 650 | 4 | |a Agrár | |
| 650 | 4 | |a Agricultural sciences | |
| 650 | 4 | |a Agriculture, forestry and fisheries | |
| 695 | |a Integrált növényvédelem | ||
| 695 | |a Almatermesztés | ||
| 700 | 0 | 1 | |a Mile Lajos |e ths |
| 700 | 0 | 1 | |a Varga András |e ths |
| 856 | 4 | 0 | |u https://diploma.bibl.u-szeged.hu/id/eprint/100537/1/1999_szekely_tamas.pdf |z Dokumentum-elérés |